| 000 | 00621nam a22002057a 4500 | ||
|---|---|---|---|
| 003 | OSt | ||
| 005 | 20260312060150.0 | ||
| 008 | 260312b |||||||| |||| 00| 0 eng d | ||
| 020 | _a981-06-9901-8. | ||
| 040 |
_aDWCL Main lib _cOC |
||
| 082 |
_24th ed. _aCirc. 910.46 W181h 2006 |
||
| 100 | _aWalker, John R. | ||
| 245 |
_aHospitality 4th ed. _cJohn R. Walker |
||
| 250 | _a4th ed. | ||
| 260 |
_aSingapore : _bPearson Education South Asia Pte Ltd, _cc2006. |
||
| 300 |
_axliii, 660 p. : _bill. ; _c23 cm. |
||
| 504 | _aIncludes index. | ||
| 650 | _a1. Hospitality industry. | ||
| 942 |
_2ddc _cBK-CIRC _e4th ed. _kCirc. _n0 |
||
| 999 |
_c9033 _d9033 |
||